|
|
|
|
| LEADER |
01114nam a2200337 4500 |
| 001 |
DLU120132304 |
| 005 |
##20120229 |
| 040 |
# |
# |
|a DLU
|b vie
|
| 041 |
# |
# |
|a vie
|
| 044 |
# |
# |
|a vn
|
| 082 |
# |
# |
|a 613.043 2
|b NG-S
|
| 100 |
# |
# |
|a Nguyễn Văn Siêm,
|c TS.BS.
|
| 245 |
# |
# |
|a Tâm bệnh học trẻ em và thanh thiếu niên /
|c Nguyễn Văn Siêm.
|
| 260 |
# |
# |
|a H. :
|b Đại học Quốc gia,
|c 2007.
|
| 300 |
# |
# |
|a 347 tr. ;
|c 24 cm.
|
| 504 |
# |
# |
|a Tài liệu tham khảo: tr.345.
|
| 505 |
# |
# |
|a Phần 1. Cơ sở khoa học của tâm bệnh học trẻ em và thanh thiếu niên -- Phần 2. Tâm bệnh học đại cương -- Phần 3. Tâm bệnh học lâm sàng -- Phần 4. Tổ chức dự phòng và chăm sóc điều trị.
|
| 650 |
# |
# |
|a Tâm lý học bệnh lý.
|
| 650 |
# |
# |
|a Tâm lý học thanh thiếu niên.
|
| 650 |
# |
# |
|a Tâm lý học trẻ em.
|
| 923 |
# |
# |
|a 18/2011
|
| 991 |
# |
# |
|a GT
|
| 992 |
# |
# |
|a 41500
|
| 994 |
# |
# |
|a DLU
|
| 900 |
# |
# |
|a True
|
| 911 |
# |
# |
|a Nguyễn Thanh Hương
|
| 925 |
# |
# |
|a G
|
| 926 |
# |
# |
|a A
|
| 927 |
# |
# |
|a SH
|
| 980 |
# |
# |
|a Thư viện Trường Đại học Đà Lạt
|